000 00320pam a2200157a 44500
008 230515b1900 xxu||||| |||| 00| 0 eng d
020 _aNULL
041 _aHINDI
082 _a1
100 _aLIBRARY
245 _aDRAVYAGUNA
250 _a1
260 _aPUNE
_bN.D.
_c1900
300 _a500
650 _aDRAVYAGUNA
999 _c497029
_d497029